000 00963nam2a22002291 4500
001 v19\rc\1258834
005 20250618001114.0
035 _a(NLR Aleph) 004413603
090 _a4040145
_c4040145
100 _a20060306d1892 |||y0rusy50 ca
101 0 _arus
102 _aRU
105 _ay z |||||
200 0 _a... за 1891 год
210 _d1892
_aБ. м.
215 _a[2], 60 с.
461 0 _1001v19\rc\1258833
_12001#$aСтатистика отправления грузов I, II и III категорий ...$fДинабурго-Витеб. ж. д.$v... за 1891 год$90
_94040137
_aДвинско-Витебская железная дорога
_cРига
_d1892
_fДинабурго-Витеб. ж. д.
_tСтатистика отправления грузов I, II и III категорий ...
_v... за 1891 год$90
801 0 _aRU
_bNLR
_gpsbo
801 1 _aRU
_bProSoft-M
_2rusmarc
852 _aNLR
_j40.28a.6.8
942 _cBOOK
980 _aNB